| 000 | 00658nam a22001337a 4500 | ||
|---|---|---|---|
| 040 | _cRUA | ||
| 082 | _aAGR YEM 2014 B433 Or.1 | ||
| 100 | _aYEM SAMBATH ; យ៉ែម សម្បត្តិ | ||
| 245 | _aComparison of celery cabbage (Brassica chinensis,L) varieties under sandy soil condition , ការប្រៀបធៀបពូជដំណាំស្ពៃចង្កឹះក្នុងល័ក្ខខ័ណ្ឌដីល្បាយខ្សាច់ | ||
| 260 |
_aPhnom Penh _bRUA _c2014 |
||
| 300 |
_axii ; 42p. _bill. _c29cm. |
||
| 856 | _uhttps://drive.google.com/file/d/1_Y1_U2k_WToRhWEbVMaDoJOGXMtfrnOZ/view?usp=sharing | ||
| 942 | _cAGR | ||
| 999 |
_c7105 _d7105 |
||